Pemikiran positif cara Islam : Jalan hidup bahagia tenang dan yakin

Bibliographic Details
Main Author: Wan Aznah Wan Abdullah (Author)
Format: Book
Language:Malay
Published: Kuala Lumpur : Utusan PublicationsIc1999
Subjects:

MARC

LEADER 00000cam a2200000 7i4500
001 0000012820
005 20240227.0
008 220822 my may
020 |a 9676109800 
040 |a INS   |b eng   |e rda 
090 0 0 |a BP188   |b .W181 1991 
100 0 |a Wan Aznah Wan Abdullah ,   |e author 
245 1 0 |a Pemikiran positif cara Islam :   |b Jalan hidup bahagia tenang dan yakin   |c Wan Aznah Wan Abdullah 
264 1 |a Kuala Lumpur :   |b Utusan PublicationsIc1999 
300 |a xii, 115 pages ;   |c 22 cm. 
336 |a text  |2 rdacontent 
337 |a unmediated  |2 rdamedia 
338 |a volume  |2 rdacarrier 
650 0 |a Islam   |x Doctrines 
650 0 |a Religious life   |x Islam 
999 |a 0000009410   |b BOOK   |c Open Shelf   |e Default branch 
999 |a 0000013605   |b BOOK   |c Open Shelf   |e Default branch 
999 |a 0000013606   |b BOOK   |c Open Shelf   |e Default branch 
999 |a 0000013607   |b BOOK   |c Open Shelf   |e Default branch 
999 |a 0000013609   |b BOOK   |c Open Shelf   |e Default branch